000 00223nam a2200085Ia 4500
245 0 _aMaracaibo mission
100 _a MASON, F van Wyk [S.l.], 1969
_9115361
942 _cBK
008 210825s9999 xx 000 0 und d
999 _c561421
_d561420